000 01067nam a2200193Ia 4500
999 _c9732
_d9732
005 20231012134200.0
008 231011s9999 xx 000 0 und d
020 _a950-743-227-2
040 _aUPAN
_cBiblioteca San Vicente
_eRCAA2
041 _aspa
082 _a332.03
_bG743d
_c2004
100 _aGreco, Orlando
_4aut.
245 0 _aDiccionario de Finanzas/
_bOrlando Greco
260 _aBuenos Aires:
_bValletta,
_c2004
300 _a344 p.;
_c26 cm.
505 _aEste diccionario presenta una gran diversidad de palabras, expresiones y voces, muchas de las cuales tienen distintas acepciones o sentidos. Ademàs de los tèrminos estrictamente financieros, se incluyen otros de distintas temàticas, pero ìntimamente vinculados con aquellos, por ejemplo: contable, bancaria, empresarial, administrativa, etc. Es una obra de suma utilidda para una amplio abanico que abarca desde quienes desean instalar un negocio hasta altos directivos que quieren mejorar y profundizar sus conocimientos financieros.
650 _vDiccionario
_xFinanzas
942 _cBK
_2ddc